|
|
|
|
| LEADER |
00699nam a22001932a 4500 |
| 001 |
000672302 |
| 003 |
CZ BrMZK |
| 005 |
20140306123319.0 |
| 007 |
ta |
| 008 |
030530s1962 ru f rus d |
| 040 |
|
|
|a BOA001
|b cze
|c BOA001
|
| 245 |
0 |
0 |
|a Problema charaktera v sovremennoj sovetskoj literature /
|c pod redakcijej N.I. Pruckova i V.V. Timofejevoj
|
| 260 |
|
|
|a Moskva :
|b Akademija nauk SSSR,
|c 1962
|
| 300 |
|
|
|a 317 s.
|
| 700 |
1 |
|
|a Timofejeva, Vera Vasil'jevna
|4 edt
|
| 700 |
1 |
|
|a Pruckov, Nikita Ivanovič,
|d 1910-1979
|7 jx20080202010
|4 edt
|
| 910 |
|
|
|a BOA001
|b PK-0032.251
|b 2-0490.025
|
| 990 |
|
|
|a BK
|
| 996 |
7 |
|
|b 2619058736
|c 2-0490.025
|l MZK
|r Sklad / do 24 hodin
|n 0
|w 000672302
|u 000030
|a 1
|e BOA001
|j MZK50
|s A
|